Saltar al contenido
Inicio
Centros participantes
Catálogo
Servicios
Contacto
Prijava
English
Deutsch
Español
Français
Italiano
日本語
Nederlands
Português
Português (Brasil)
中文(简体)
中文(繁體)
Türkçe
עברית
Gaeilge
Cymraeg
Ελληνικά
Català
Euskara
Русский
Čeština
Suomi
Svenska
polski
Dansk
slovenščina
اللغة العربية
বাংলা
Galego
Tiếng Việt
Hrvatski
हिंदी
Հայերէն
Українська
Sámegiella
Jezik
Vsa polja
Naslov
Avtor
Tema
Signatura
ISBN/ISSN
Oznaka
Išči
Napredno
Costa Rica: evolución económic...
Citiraj
Pošljite email
Natisni
Izvozi zadetek
Izvozi v RefWorks
Izvozi v EndNoteWeb
Izvozi v EndNote
Dodaj v priljubljene
Enlace Permanente
Agregar primera valuación
Costa Rica: evolución económica durante 1993
Shranjeno v:
Bibliografske podrobnosti
Korporativna značnica:
Naciones Unidas
Format:
Texto
Izdano:
México D.F.:
CEPAL
Oznake:
Označite
Brez oznak, prvi označite!
Zaloga
Opis
Komentarji
Podobne knjige/članki
Knjižničarski pogled
MARC
LEADER
00000 a a2200000 04500
001
25189
003
040
090
|a
180100
110
|a
Naciones Unidas
245
|a
Costa Rica: evolución económica durante 1993
260
|a
México D.F.:
|b
CEPAL
300
|a
41 p.
|b
**no definido**
999
|c
12615
|d
12615
Podobne knjige/članki
Nicaragua: evolución económica durante 1993
Honduras: evolución económica durante 1993
Costa Rica: evolución económica durante 1993 /
El Desarrollo sustentable en Centroamérica y México. Problemas y opciones de política en el sector agroforestal
Informe de evaluación de Praca 1968-1977. Programa de adiestramiento y estudios sobre reforma agraria y desarrollo rural del Istmo Centroamericano
od: García, Antonio